000
00293nam a22001217a 4500
082
_a
200
_b
SAI/P
100
_a
SAINT LOUIS MARIE DE MONTFORT
245
_a
TOTAL CONSECRATION
260
_a
NEWYORK
_b
MONTFORE PUBLICATIONS
_c
2005
300
_a
86
650
_a
RELIGIOUS
_z
UNITED STATES
942
_c
BK
999
_c
5259
_d
5259